Land reform implementation : a comparative perspective
| Main Author: | |
|---|---|
| Format: | Book |
| Published: |
Hartford :
John C. Lincoln Institute ,
1974
|
| Subjects: |
MARC
| LEADER | 00000cam a2200000 7i4500 | ||
|---|---|---|---|
| 001 | 0000009291 | ||
| 005 | 20160921.0 | ||
| 040 | |a INS | ||
| 090 | 0 | 0 | |a HD158 |b L55 1974 |
| 100 | 0 | |a Lin, Sein | |
| 245 | 1 | 0 | |a Land reform implementation : |b a comparative perspective |c by Sein Lin |
| 260 | |a Hartford : |b John C. Lincoln Institute , |c 1974 | ||
| 300 | |a 289p ; |c 24cm. | ||
| 500 | |a Includes index | ||
| 650 | 0 | 0 | |a Land reform |
| 999 | |a 0000023381 |b BOOK |c Open Shelf |e Default branch | ||